Matematika : vysokoškolská učebnice 1.
Uložené v:
| Hlavný autor: | |
|---|---|
| Médium: | Kniha |
| Jazyk: | Czech |
| Vydané: |
Praha : Bratislava :
Státní nakladatelství technické literatury Slovenské vydavateľstvo technickej literatúry,
1965.
|
| Vydanie: | 1. vyd. |
| ISBN: |
(viaz.) |
| Fyzický popis: |
541 s. |
| Tagy: |
Pridať tag
Žiadne tagy, Buďte prvý kto otaguje tento záznam!
|
Titul je dostupný aj v ... 

MARC
| LEADER | 00000nam a2200000 a 4500 | ||
|---|---|---|---|
| 001 | 000127708 | ||
| 005 | 20100721064407.0 | ||
| 008 | 040101s1965 xr e cze d | ||
| 020 | |a (viaz.) |c Kčs 48,50 | ||
| 040 | |a SVKKK |b slo |c SVKKK |e AACR2 | ||
| 041 | 0 | |a cze | |
| 044 | |a xr |c CZ | ||
| 245 | 1 | 0 | |a Matematika : |b vysokoškolská učebnice |n 1. |c Vladimír Knichal ... [et al.]. |
| 250 | |a 1. vyd. | ||
| 260 | |a Praha : |b Státní nakladatelství technické literatury |a Bratislava : |b Slovenské vydavateľstvo technickej literatúry, |c 1965. | ||
| 300 | |a 541 s. | ||
| 504 | |a Lit. | ||
| 504 | |a Reg. | ||
| 700 | 1 | |a Knichal, Vladimír, |d 1908-1974. |4 aut | |
| 910 | |a svkkk | ||
| 998 | |a BK | ||
| 090 | |g SCKHL |k Sklad Pribinova prízemie |a IV.36670 |j 363688 |i 2720183193 |s Absenčne | ||
| 090 | |g SCKHL |k Sklad Pribinova prízemie |a IV.36823 |j 355093 |i 2720073915 |s Absenčne | ||
| 090 | |g SCKHL |k Sklad Pribinova prízemie |a IV.36824 |j 355094 |i 127708-30 |s Absenčne | ||
| 090 | |g SCKHL |k Sklad Pribinova prízemie |a IV.37123 |j 355639 |i 2720030454 |s Absenčne | ||
| 090 | |g SCKHL |k Sklad Pribinova prízemie |a IV.37124 |j 355640 |i 127708-50 |s Absenčne | ||
| 090 | |g SCKHL |k Sklad Pribinova prízemie |a IV0.5201 |j 026375 |i B195636 |s Absenčne | ||
| 090 | |g SCKHL |k Sklad Pribinova prízemie |a IV0.5202 |j 026376 |i B195637 |s Absenčne | ||